El último godo and the dynamics of Urdrama / (Registro nro. 229388)

Detalles MARC
000 -LEADER
fixed length control field 01717nam a2200409Ii 4500
001 - CONTROL NUMBER
control field DIGSCR0025
003 - CONTROL NUMBER IDENTIFIER
control field NyNyDIG
006 - FIXED-LENGTH DATA ELEMENTS--ADDITIONAL MATERIAL CHARACTERISTICS
fixed length control field m o d
007 - PHYSICAL DESCRIPTION FIXED FIELD--GENERAL INFORMATION
fixed length control field cr |||||||||||
008 - FIXED-LENGTH DATA ELEMENTS--GENERAL INFORMATION
fixed length control field 100625s1987 mdu ob 001 0 eng d
020 ## - INTERNATIONAL STANDARD BOOK NUMBER
Canceled/invalid ISBN 0916379361
020 ## - INTERNATIONAL STANDARD BOOK NUMBER
Canceled/invalid ISBN 9780916379360
035 ## - SYSTEM CONTROL NUMBER
System control number (OCoLC)568742473
040 ## - CATALOGING SOURCE
Original cataloging agency DGITA
Language of cataloging eng
Description conventions pn
Transcribing agency DGITA
043 ## - GEOGRAPHIC AREA CODE
Geographic area code e-sp---
050 14 - LIBRARY OF CONGRESS CALL NUMBER
Classification number PQ6439.U483 eBook
100 1# - MAIN ENTRY--PERSONAL NAME
Personal name McCrary, Susan Niehoff.
245 13 - TITLE STATEMENT
Title El último godo and the dynamics of Urdrama /
Statement of responsibility, etc. Susan Niehoff McCrary.
264 #1 - PRODUCTION, PUBLICATION, DISTRIBUTION, MANUFACTURE, AND COPYRIGHT NOTICE
Place of production, publication, distribution, manufacture Potomac, Md., U.S.A. :
Name of producer, publisher, distributor, manufacturer Scripta Humanistica,
Date of production, publication, distribution, manufacture, or copyright notice 1987.
300 ## - PHYSICAL DESCRIPTION
Extent 1 online resource (116 pages)
336 ## - CONTENT TYPE
Content type term text
Content type code txt
Source rdacontent
337 ## - MEDIA TYPE
Media type term computer
Media type code c
Source rdamedia
338 ## - CARRIER TYPE
Carrier type term online resource
Carrier type code cr
Source rdacarrier
490 1# - SERIES STATEMENT
Series statement Scripta humanistica ;
Volume/sequential designation 31.
505 0# - FORMATTED CONTENTS NOTE
Formatted contents note Preface - Introduction --Source material : medieval-renaissance historiography -- historical source material -- Literary source material -- Act I: temptation and transgression -- Act II: alienation and reconciliation -- Act III: catharsis and regeneration -- Dynamics of urdrama -- Conclusion.
504 ## - BIBLIOGRAPHY, ETC. NOTE
Bibliography, etc. note Includes bibliographical references and index.
600 00 - SUBJECT ADDED ENTRY--PERSONAL NAME
Personal name Roderick,
Titles and other words associated with a name King of the Visigoths,
Dates associated with a name d. 711?
General subdivision In literature
600 10 - SUBJECT ADDED ENTRY--PERSONAL NAME
Personal name Vega, Lope de,
Dates associated with a name 1562-1635
Title of a work Ultimo godo
600 10 - SUBJECT ADDED ENTRY--PERSONAL NAME
Personal name Vega, Lope de,
Dates associated with a name 1562-1635
Title of a work Ultimo godo
Form subdivision Sources
655 #0 - INDEX TERM--GENRE/FORM
Genre/form data or focus term Electronic books.
791 2# -
-- Digitalia (Firm),
-- distributor.
793 0# -
-- Digitalia eBook Collection:
-- Scripta Humanistica.
830 #0 - SERIES ADDED ENTRY--UNIFORM TITLE
Uniform title Scripta Humanistica (Series) ;
Volume/sequential designation 31.
856 40 - ELECTRONIC LOCATION AND ACCESS
Materials specified Digitalia Hispánica
Uniform Resource Identifier <a href="https://www.digitaliapublishing.com/a/298/">https://www.digitaliapublishing.com/a/298/</a>
910 ## - USER-OPTION DATA (OCLC)
User-option data Premium Collection: 2007-2012
942 ## - ADDED ENTRY ELEMENTS (KOHA)
Koha item type Recurso Electrónico
Existencias
Withdrawn status Lost status Damaged status Not for loan Collection Home library Current library Date acquired Total checkouts Date last seen Price effective from Koha item type
        Digitalia Ebooks Hispanica Biblioteca Digital UIN Biblioteca Digital UIN 04/25/2025   04/25/2025 04/25/2025 Recurso Electrónico

CONTACTO


NOSOTROS


SITIOS DE INTERES

coordinacion.biblioteca.biblioteca@unienlinea.mx Misión, Visión y Objetivos Bases de datos
Directorio Bibliotecas Digitales y Repositorios
Normatividad Revistas y artículos
Convenios interbibliotecarios
Boletines



Hecho en México. Universidad Insurgentes (UIN). Todos los derechos reservados 2024. Esta página y sus contenidos pueden ser reproducidos con fines no lucrativos, siempre y cuando no se mutile, se cite la fuente completa y su dirección electrónicas. De otra forma requiere permiso previo por escrito de la institución




2024 Copyright Universidad Insurgentes | www.bibliouin.com.mx